| 000 | 01460nam a22003737a 4500 | ||
|---|---|---|---|
| 003 | CHAP | ||
| 005 | 20220329143544.0 | ||
| 008 | 100524s2006 mx a r 00010 spa d | ||
| 010 | _a98494 | ||
| 011 | _a99466 | ||
| 020 | _a9688359793 | ||
| 035 | _a110152 | ||
| 040 | _cCHAP | ||
| 082 | 1 | 4 |
_a338.19 _bAg86 |
| 110 | 1 |
_aUniversidad Autónoma del Estado de México _9116362 |
|
| 245 | 1 | 0 |
_aAgroindustria rural y territorio _c/coordinado por Adolfo Álvarez Macías ...[et al.] |
| 260 |
_aToluca, Méx. : _bUAEM, _c2006 |
||
| 300 | _a2 v. | ||
| 505 | 0 | _av.1 Los desafios de los sistemas agroalimentarios localizados. -- v.2 Nuevas terndencias en el análisis de la lecheria | |
| 590 |
_aBATCH-UPD _b10 _c20130110 _lUCH01 _h0958 |
||
| 590 |
_aBATCH-UPD _b10 _c20130410 _lUCH01 _h0610 |
||
| 590 |
_aBATCH-UPD _b10 _c20130914 _lUCH01 _h1157 |
||
| 590 |
_aCONVERSION _b10 _c20130109 _lUCH01 _h1354 |
||
| 650 | 1 | 4 |
_aDesarrollo rural. _932067 |
| 650 | 1 | 4 |
_aIndustrias agrícolas. _957925 |
| 700 | 0 |
_aAlvarez Macias, Adolfo _e; coord. _94935 |
|
| 901 | _aBK | ||
| 911 | _aen proceso | ||
| 942 | _cLIBRO | ||
| 949 |
_a338.19 Ag86 _bBC _cLIBRO _d33724002167579 _eLIBRO _fv.1 c.2 _h113592 _i110152 _sb |
||
| 949 |
_a338.19 Ag86 _bBC _cLIBRO _d33724002167611 _eLIBRO _fv.1 _gI.c/e _h112609 _i110152 _sb |
||
| 949 |
_a338.19 Ag86 _bBC _cLIBRO _d33724002167652 _eLIBRO _fv.2 _gI.c/e _h112610 _i110152 _sb |
||
| 949 |
_a339.19 Ag 86 _bBC _cLIBRO _d33724002167694 _eLIBRO _fv.2 c.2 _h113593 _i110152 _sb |
||
| 999 |
_c98494 _d98494 |
||